00695nam a2200169 a 4500008004100000020001800041050001700059100001900076245008400095260004900179300002100228650001800249650001400267995009400281999001700375952013300392130823s2012 ||||||||||||||||| || u a9781906716325 aGB 401.5 Har aHarvey, Adrian10aIntroducing geomorphology: a guide to landforms and processescby Adrian Harvey aEdinburgh:bDunedin Academic Press Ltdc2012 axii, 124p.: ill. 0aGEOMORPHOLOGY 0aLANDFORMS FCBU-MAIN LIBRARY (Kitwe)M1UAVAILABLEWOct 30, 2013ZMain Library Open Access Collection c47566d47566 00102lcc4070a001b001cMain Library Open Access Collectiond2022-11-30l0oGB 401.5 Harp744338r2022-11-30w2022-11-30y002